000 00501nam a2200181Ia 4500
008 240729s9999 xx 000 0 und d
022 _a2673-9410
245 0 _aPhycology
260 _aSwitzerland
260 _bMDPI AG
650 _a Biology (General)
650 _a Internal medicine
650 _a Neurosciences. Biological psychiatry. Neuropsychiatry | Science
650 _aMedicine
856 _uhttps://doaj.org/toc/cb1039d0675e4285a145e9b749dfa5c9
942 _2ddc
942 _cDOAJEJ
999 _c72963
_d72963
945 _a1
_bMadushi Gamage
_c1
_dMadushi Gamage